00454nam a22001457a 450000500170000000800410001702000140005804100130007208200130008510000130009824500810011126000610019230000300025365000250028320240123065839.0240123b |||||||| |||| 00| 0 eng d a040900481 aEnglish  a349 JOU  lEnglish  aThe Law of South Africa : Cumulative Supplement 1985 / cedited by JA Faris  aDurban : bButterworth and Publishers (Pty) Ltd, c1985  bxx, 630 pages ; c26 cm.  aLegal practice bLaw